MARC

LEADER 00000nam0a2200000 4500
001 29874
005 20231101205934.0
010 |a 5020268100 
035 |a (RuTPU)RU\TPU\book\30140 
035 |a BOOK00000048 
090 |a 29874 
100 |a 20011209d2000 k y0rusy50 ca 
101 1 |a rus 
102 |a RU 
105 |a y z 000zy 
200 1 |a Моральное сознание и коммуникативное действие  |e пер. с нем.  |f Ю. Хабермас 
210 |a СПб.  |c Наука  |d 2000 
215 |a 380 с. 
225 1 |a Слово о сущем 
606 1 |a Немецкая философия  |z 20 век  |2 stltpush  |3 (RuTPU)RU\TPU\subj\73672  |9 86538 
610 1 |a философия 
610 1 |a 20 век 
610 1 |a коммуникативные действия 
610 1 |a моральное сознание 
610 1 |a этика дискурса 
610 1 |a философские исследования 
610 1 |a эмпирические исследования 
610 1 |a общество 
686 |a Ю3(4Г)6  |v LBC/SL-A  |2 rubbk 
700 1 |a Хабермас  |b Ю.  |c немецкий философ, социолог  |f 1929-  |g Юрген  |2 stltpush  |3 (RuTPU)RU\TPU\pers\1399  |9 620 
801 0 |a RU  |b 63413507  |c 20011209  |g PSBO 
801 2 |a RU  |b 63413507  |c 20141128  |g PSBO 
942 |c BK